000 00740nam a2200265Ia 4500
003 OSt
005 20221006144654.0
006 a|||||r|||| 00| 0
007 ta
008 221006b |||||||| |||| 00| 0 eng d
020 _cP6.95
024 _a12,330
037 _cTextual
040 _aEASL
_cEASL
_beng
041 _2eng
_aeng
082 _aV41.N28, M3
100 _aWILBUR C Martin
245 0 _aNationalist revolution in China, 1923-1928
260 _aCambridge
_bCambridge University
_c1983
300 _a232p.
_ccm.
650 _a China-history - worlord period
_9652571
650 _aNationlism-China-history
_9652572
942 _hV41.N28, M3
_cTEXL
_2CC
999 _c1080416
_d1080416